La Micronésie pour les touristes... - Facile - Statistiques

Statistiques générales
  • Ce quiz a été pris 2 fois
  • Le résultat moyen est 14 sur 20
Statistiques - réponses
Question Indice Réponses Indice facile % Correct
La vitesse est limitée à {50} km/h
100%
Quelles sont les principaux lieux touristiques ? L Cité de {Lelu} LULE
100%
Quelle est la monnaie ? Dollar américain $
100%
La conduite se fait à droite ou à gauche ? Droite
100%
Quelles sont les principaux lieux touristiques ? Y Monnaie de pierre à {Yap} PAY
100%
Achats à faire 2/ Objets fabriqués à partir de coquillages, en... Nacre CRANE
100%
Avez-vous besoin d'un visa ? (oui/non) Non
100%
Dans la capitale y-a-t-il un décalage horaire avec Paris ? (oui/non) Oui
100%
Achats à faire 3/ Objets tissés en feuille de ... Palmier MIPALER
100%
Achats à faire 1/ Sorte de jupe Paréo RAPEO
100%
Combien d'heures (environ) mettrez-vous pour vous y rendre ? (en chiffres) 38
50%
Quelle est la langue officielle ? Anglais
50%
La religion majoritaire est Catholicisme C
50%
Le suffixe internet est fm
50%
A quelle région appartient ce pays M Micronésie
50%
Le principal aéroport est P Pohnpei PPHONIE
50%
Quelles sont les principaux lieux touristiques ? P Pohnpei NEIPPHO
50%
Quel est le climat local ? TM Tropical marin
50%
Quelles sont les principaux lieux touristiques ? MW Baie de {Milky Way} WAIMYLKY
0%
Comment se nomme la principale compagnie aérienne locale UA United Airlines ILDESUNIRAIENT
0%
Aucun quiz correspondant
Distribution des résultats
% des personnes avec chaque résultat
Percentile par nombre de réponses
Votre historique - résultats
Vous n’avez pas pris ce quiz